书目信息 |
| 题名: |
英汉化学纤维工业
|
|
| 作者: | 上海市化学纤维工业公司 主编 | |
| 分册: | ||
| 出版信息: | 北京 中国纺织工业出版社 |
|
| 页数: | 599页 | |
| 开本: | 32开 | |
| 丛书名: | ||
| 单 册: | ||
| 中图分类: | TQ34-61 | |
| 科图分类: | ||
| 主题词: | 化学纤维工业 | |
| 电子资源: | ||
| ISBN: | 7-5064-0317-X | |
| 000 | 00628nam0 2200193 45 | |
| 001 | 0006151030 | |
| 005 | 20000615110401.2 | |
| 010 | @a7-5064-0317-X@d14.80元 | |
| 100 | @a20000615d km y0chiy0120 ea | |
| 101 | 0 | @achi |
| 105 | @a z 000yy | |
| 200 | 1 | @a英汉化学纤维工业@AYing Han Hua Xue Xian Wei Gong Ye@f上海市化学纤维工业公司主编@FShang Hai Shi Hua Xue Xian Wei Gong Ye Gong Si Zhu Bian |
| 210 | @a北京@c中国纺织工业出版社 | |
| 215 | @a599页@d32开 | |
| 606 | 0 | @a化学纤维工业 |
| 690 | @aTQ34-61@v3 | |
| 701 | 0 | @a上海市化学纤维工业公司@4主编 |
| 801 | @aCN@bPftUser@c20000615 | |
| 905 | @b207109-110@dTQ34-61@eSH:784@f2 | |
| 英汉化学纤维工业/上海市化学纤维工业公司主编.-北京:中国纺织工业出版社 |
| 599页;32开 |
| ISBN 7-5064-0317-X:14.80元 |
| ● |
| 相关链接 |
|
|
|
正题名:英汉化学纤维工业
索取号:TQ34-61/SH:784
 
预约/预借
| 序号 | 登录号 | 条形码 | 馆藏地/架位号 | 状态 | 备注 |
| 1 | 207109 | 202071097 | 自科二线504/504自科库 24排1列2层/ [索取号:TQ34-61/SH:784] | 在馆 | |
| 2 | 207110 | 202071104 | 自科二线504/504自科库 24排1列5层/ [索取号:TQ34-61/SH:784] | 在馆 |